Diputación Provincial de Barcelona = Deputation Provinciale de Barcelone / [texto por el doctor Ignacio Rubio y Cambronero]
Descripción Física:
[7] p. : il. col. ; 22 cm
MARC
| LEADER | 00000nam a2200000Ia 4500 | ||
|---|---|---|---|
| 001 | 14933 | ||
| 008 | 160829s9999 xx 000 0 cat d | ||
| 080 | |a FU-32-28 | ||
| 100 | 1 | |a Rubio y Cambronero, Ignacio, |d 1895-1973 |9 54602 | |
| 245 | |a Diputación Provincial de Barcelona = Deputation Provinciale de Barcelone / [texto por el doctor Ignacio Rubio y Cambronero] | ||
| 250 | |a Éd. française | ||
| 260 | |a [Barcelona] : |b Diputación Provincial de Barcelona, Comisión de Turismo, DL 1972 | ||
| 300 | |a [7] p. : |b il. col. ; |c 22 cm | ||
| 590 | |a Existeix una edició en castellà, anglès i alemany | ||
| 610 | 2 | 0 | |a Palau de la Generalitat de Catalunya |x Història |9 54640 |
| 650 | |a Palau de la Generalitat de Catalunya |x Edificis |9 32790 | ||
| 710 | 1 | |a Barcelona (Catalunya : Província). |b Comissió de Turisme |9 54952 | |
| 901 | |a Arxiu | ||
| 942 | |n 1 | ||
| 952 | |0 0 |1 0 |4 0 |6 FU3228 |7 1 |9 48193 |a Arxiu |b Arxiu |d 2016-12-01 |l 0 |o FU-32-28 |p 14933 |r 2016-12-01 00:00:00 |w 2016-12-01 |y ARXIU | ||
| 999 | |c 51999 |d 51999 | ||